Тест на общие знания №24 - Statistics

General Stats
  • This quiz has been taken 57 times
  • The average score is 10 of 20
Answer Stats
Вопрос Ответ % Correct
Из чего производится попкорн? зёрна кукурузы
93%
В каком виде спорта преуспели Леброн Джеймс, Дензел Вашингтон и Шакир О'Нил? баскетбол
83%
Как называется год, в котором 366 дней вместо 365? високосный
83%
Кто побывал на чаепитии со шляпником и кроликом? Алиса
80%
Маскотом какого бренда является полковник Сандерс? KFC
73%
Врагами какого супергероя являются Мистер Фриз, Двуликий и Джокер? Бэтмен
66%
С каким морем граничат Гренада, Барбадос и Доминиканская Республика? Карибское море
63%
Каким предметом был Люмьер из мультфильма "Красавица и Чудовище"? канделябр
54%
Какой современный город был основан римлянами в I веке н.э., и назывался Лондиниум? Лондон
51%
Какой химический элемент созвучен с родной планетой Супермена? криптон
49%
Как называются углы, находящиеся на одной прямой? смежные
49%
Как называется русский аналог американского бейсбола? лапта
44%
Столицей какой страны является Виндхук? Намибия
39%
Какой тип анимации использовался при создании мультфильмов "Робоцып", "Коралина в стране кошмаров" и "Домовёнок Кузя"? стоп-моушен
32%
Клип к какой песне стал первым видео, собравшим на YouTube 1 млрд. просмотров? "PSY - Gangnam Style"
32%
Какое божество из индуистской мифологии известно как "разрушитель миров"? Шива
24%
На логотипе какой музыкальной группы изображена призма с рассеивающимися лучами? "Pink Floyd"
24%
Как называется число 1,6180339887? φ (фи)
20%
Как с немецкого языка переводится слово "Krankenwagen"? скорая помощь
17%
Как называется вещество, известное как дисульфид железа (FeS₂)? пирит / железный колчедан
7%
No matching quizzes found
Score Distribution
Percent of People with Each Score
Percentile by Number Answered
Your Score History
You have not taken this quiz